Most Visited U.S. States by Central Americans - Statistics

General Stats
  • This quiz has been taken 432 times
  • The average score is 8 of 10
Answer Stats
Visits State % Correct
166,008 California
98%
405,780 Florida
97%
82,938 New York
97%
108,067 Texas
97%
28,559 Nevada
78%
24,639 Georgia
74%
27,359 Illinois
64%
34,168 New Jersey
61%
30,573 Virginia
53%
26,495 Maryland
48%
No matching quizzes found
Score Distribution
Percent of People with Each Score
Percentile by Number Answered
Your Score History
You have not taken this quiz